[Event "Miedzyzdroje OB Seniors 24th"]
[Site "Miedzyzdroje"]
[Date "2016.06.20"]
[Round "4"]
[White "Serowy, Reinhold"]
[Black "Mrozewicz, Ryszard"]
[Result "0-1"]
[WhiteElo "1544"]
[BlackElo "1690"]
[PlyCount "101"]
[EventDate "2016.06.17"]
[EventType "swiss"]
[EventRounds "9"]
[EventCountry "POL"]
[SourceTitle "EXT 2019"]
[Source "ChessBase"]
[SourceDate "2018.10.10"]
[SourceVersion "1"]
[SourceVersionDate "2018.10.10"]
[SourceQuality "1"]

1. d4 d5 2. Nc3 Nf6 3. Bg5 e6 4. e4 dxe4 5. Nxe4 Be7 6. Nxf6+ Bxf6 7. Bxf6 Qxf6 8. Nf3 Nd7 9. Bd3 Qf4 10. h3 c6 11. 0-0 h5 12. Re1 Nf6 13. g3 Qd6 14. c3 a5 15. Ne5 Bd7 16. Qf3 Qe7 17. Re2 Rh6 18. Rae1 a4 19. Qg2 Kf8 20. f4 g6 21. f5 gxf5 22. Bxf5 Qd6 23. Bc2 Be8 24. Rf1 Qd5 25. a3 Qxg2+ 26. Kxg2 Ke7 27. Ref2 Nd5 28. Rf3 f6 29. Nd3 Bg6 30. R1f2 Be4 31. Nc5 Ne3+ 32. Kg1 Bxf3 33. Bxa4 Bd5 34. Re2 Nc4 35. b3 Nb6 36. c4 Nxc4 37. bxc4 Bxc4 38. Bc2 Rxa3 39. Re1 Rxg3+ 40. Kf2 h4 41. Bf5 e5 42. dxe5 fxe5 43. Rxe5+ Kf6 44. Nd7+ Kf7 45. Nb6 Bb3 46. Nc8 Kf6 47. Rc5 Bd5 48. Bg4 Ke5 49. Ne7 Rf6+ 50. Ke2 Rg2+ 51. Ke3 0-1

[Event "Miedzyzdroje OB Seniors 23rd"]
[Site "Miedzyzdroje"]
[Date "2015.06.21"]
[Round "4"]
[White "Mrozewicz, Ryszard"]
[Black "Will, Wolfgang"]
[Result "0-1"]
[WhiteElo "1701"]
[BlackElo "1932"]
[PlyCount "22"]
[EventDate "2015.06.17"]
[EventType "swiss"]
[EventRounds "8"]
[EventCountry "POL"]
[SourceTitle "EXT 2018"]
[Source "ChessBase"]
[SourceDate "2017.10.13"]
[SourceVersion "1"]
[SourceVersionDate "2017.10.13"]
[SourceQuality "1"]

1. d4 Nf6 2. Nf3 g6 3. Nc3 Bg7 4. Bf4 d6 5. e4 0-0 6. Be2 Nbd7 7. Qd2 c5 8. d5 Ne5 9. Bh6 a6 10. Bxg7 Kxg7 11. h4 h5 0-1

[Event "Miedzyzdroje OB Seniors 23rd"]
[Site "Miedzyzdroje"]
[Date "2015.06.19"]
[Round "3"]
[White "Ollek, Karl Heinz"]
[Black "Mrozewicz, Ryszard"]
[Result "0-1"]
[WhiteElo "1722"]
[BlackElo "1701"]
[PlyCount "50"]
[EventDate "2015.06.17"]
[EventType "swiss"]
[EventRounds "8"]
[EventCountry "POL"]
[SourceTitle "EXT 2018"]
[Source "ChessBase"]
[SourceDate "2017.10.13"]
[SourceVersion "1"]
[SourceVersionDate "2017.10.13"]
[SourceQuality "1"]

1. Nf3 Nf6 2. c4 c6 3. Nc3 d5 4. cxd5 cxd5 5. d4 Nc6 6. e3 a6 7. a3 e6 8. Bd3 Be7 9. 0-0 Bd7 10. b4 b5 11. Re1 Rc8 12. Bd2 Qb6 13. Rc1 0-0 14. Bb1 a5 15. bxa5 Nxa5 16. Ne5 Bxa3 17. Rc2 b4 18. Nxd7 Nxd7 19. Na4 Qb5 20. Nb2 Nc4 21. Bc1 Nf6 22. Rce2 b3 23. Qd3 Rb8 24. Rd1 Rfc8 25. Rc2 bxc2 0-1

[Event "Rewal op-A 15th"]
[Site "Rewal"]
[Date "2010.08.28"]
[Round "9"]
[White "Gabrys, Sebastian"]
[Black "Mrozewicz, Ryszard"]
[Result "1-0"]
[WhiteElo "1833"]
[BlackElo "1669"]
[PlyCount "77"]
[EventDate "2010.08.19"]
[EventType "swiss"]
[EventRounds "9"]
[EventCountry "POL"]
[SourceTitle "EXT 2013"]
[Source "ChessBase"]
[SourceDate "2012.11.22"]
[SourceVersion "1"]
[SourceVersionDate "2012.11.22"]
[SourceQuality "1"]

1. e4 d5 2. exd5 Nf6 3. Bb5+ Bd7 4. Bxd7+ Nbxd7 5. c4 g6 6. Nf3 Bg7 7. 0-0 0-0 8. Nc3 Re8 9. Re1 a6 10. b3 b5 11. Rb1 b4 12. Ne4 Nh5 13. d4 h6 14. Nc5 Nhf6 15. Nd3 a5 16. Nde5 Bf8 17. Nc6 Qc8 18. Re2 Nb6 19. Qe1 Qf5 20. Bb2 Nbd7 21. Rd1 a4 22. Nxb4 axb3 23. axb3 Reb8 24. Re3 Rb7 25. Ne5 Rba7 26. Nec6 Rb7 27. Nxe7+ Bxe7 28. Rxe7 Rab8 29. Bc3 Ng4 30. h3 Ngf6 31. Re3 Kg7 32. Rf3 Qh5 33. d6 Re8 34. Qd2 cxd6 35. d5 Ne5 36. Rxf6 Kxf6 37. f4 Kg7 38. fxe5 dxe5 39. Nc6 1-0

[Event "Rewal op-A 15th"]
[Site "Rewal"]
[Date "2010.08.26"]
[Round "7"]
[White "Mrozewicz, Ryszard"]
[Black "Gorol, Magdalena"]
[Result "1/2-1/2"]
[WhiteElo "1669"]
[BlackElo "1787"]
[PlyCount "55"]
[EventDate "2010.08.19"]
[EventType "swiss"]
[EventRounds "9"]
[EventCountry "POL"]
[SourceTitle "EXT 2013"]
[Source "ChessBase"]
[SourceDate "2012.11.22"]
[SourceVersion "1"]
[SourceVersionDate "2012.11.22"]
[SourceQuality "1"]

1. d4 d5 2. Nf3 e6 3. Bf4 f5 4. e3 Nf6 5. Nbd2 c6 6. Be2 Bd6 7. Bxd6 Qxd6 8. Ne5 Nbd7 9. f4 Ne4 10. c4 Nxe5 11. fxe5 Qe7 12. Nf3 g5 13. Rf1 g4 14. Nd2 Qh4+ 15. g3 Nxg3 16. hxg3 Qxg3+ 17. Rf2 Qxe3 18. Nf1 Qg5 19. Qd2 Qxd2+ 20. Kxd2 Bd7 21. Ng3 h5 22. Rh1 h4 23. Ke3 Ke7 24. Rfh2 h3 25. Kf4 b5 26. a3 a5 27. Bf1 Rab8 28. cxb5 1/2-1/2

[Event "Rewal op-A 15th"]
[Site "Rewal"]
[Date "2010.08.25"]
[Round "6"]
[White "Sachryn, Krystian"]
[Black "Mrozewicz, Ryszard"]
[Result "1-0"]
[WhiteElo "1862"]
[BlackElo "1669"]
[PlyCount "73"]
[EventDate "2010.08.19"]
[EventType "swiss"]
[EventRounds "9"]
[EventCountry "POL"]
[SourceTitle "EXT 2013"]
[Source "ChessBase"]
[SourceDate "2012.11.22"]
[SourceVersion "1"]
[SourceVersionDate "2012.11.22"]
[SourceQuality "1"]

1. Nf3 Nf6 2. b3 d5 3. c4 c6 4. g3 e6 5. Bg2 Be7 6. Bb2 Nbd7 7. 0-0 Qc7 8. Qc2 0-0 9. Na3 Qa5 10. Nb1 Qc7 11. Nc3 Re8 12. Rac1 Qb8 13. d4 e5 14. dxe5 Nxe5 15. Nxe5 Qxe5 16. Nxd5 Qh5 17. Nxf6+ gxf6 18. e4 Bg4 19. c5 Rad8 20. f3 Be6 21. b4 Qh6 22. f4 Bg4 23. Bf3 Qg6 24. Bxg4 Qxg4 25. Rfd1 h5 26. Rd3 h4 27. Qd1 Qg6 28. Rxd8 Rxd8 29. Qf3 h3 30. f5 Qh7 31. Rd1 Qh6 32. Rxd8+ Bxd8 33. Qf4 Qh5 34. g4 Qh7 35. Bc1 Kg7 36. Kf2 Qh4+ 37. Qg3 1-0

[Event "Rewal op-A 15th"]
[Site "Rewal"]
[Date "2010.08.23"]
[Round "4"]
[White "Szuper, Paul"]
[Black "Mrozewicz, Ryszard"]
[Result "1-0"]
[WhiteElo "2192"]
[BlackElo "1669"]
[PlyCount "24"]
[EventDate "2010.08.19"]
[EventType "swiss"]
[EventRounds "9"]
[EventCountry "POL"]
[SourceTitle "EXT 2013"]
[Source "ChessBase"]
[SourceDate "2012.11.22"]
[SourceVersion "1"]
[SourceVersionDate "2012.11.22"]
[SourceQuality "1"]

1. d4 d5 2. c4 c6 3. Nf3 Nf6 4. Qb3 Qb6 5. c5 Qxb3 6. axb3 Nbd7 7. b4 a6 8. Nc3 b5 9. Bf4 Bb7 10. h3 h6 11. e3 e6 12. Bd3 Be7 1-0

[Event "Rewal op-A 15th"]
[Site "Rewal"]
[Date "2010.08.19"]
[Round "1"]
[White "Sroka, Janusz"]
[Black "Mrozewicz, Ryszard"]
[Result "1-0"]
[WhiteElo "2148"]
[BlackElo "1669"]
[PlyCount "61"]
[EventDate "2010.08.19"]
[EventType "swiss"]
[EventRounds "9"]
[EventCountry "POL"]
[SourceTitle "EXT 2013"]
[Source "ChessBase"]
[SourceDate "2012.11.22"]
[SourceVersion "1"]
[SourceVersionDate "2012.11.22"]
[SourceQuality "1"]

1. e4 d5 2. exd5 Nf6 3. d4 Qxd5 4. c4 Qd8 5. Nf3 Bg4 6. Be3 Nbd7 7. Be2 e6 8. 0-0 Be7 9. Qb3 0-0 10. Nc3 b6 11. h3 Bh5 12. Rfd1 Qc8 13. Rac1 Re8 14. Bf4 a6 15. Rd2 Bd6 16. Be5 Rb8 17. Bxd6 cxd6 18. Qa3 d5 19. cxd5 Bxf3 20. Bxf3 exd5 21. Rdc2 Qb7 22. Qb3 Re7 23. Bxd5 Qc7 24. Ne4 Qf4 25. g3 Qh6 26. Rc8+ Rxc8 27. Rxc8+ Nf8 28. Nd6 Nxd5 29. Qxd5 Qxh3 30. Rxf8+ Kxf8 31. Qa8+ 1-0